Noms de films traduits en français - Statistiques

Statistiques générales
  • Ce quiz a été pris 209 fois
  • Le résultat moyen est 24 sur 35
Statistiques - réponses
Titre français Titre original % Correct
Les guerres de l'étoile Star Wars
98%
Rapide et furieux Fast and Furious
94%
Sept Seven
92%
Histoire de jouet Toy Story
90%
Très mauvais voyage Very Bad Trip
89%
Gros poisson Big Fish
88%
Les hommes en noir Men in Black
88%
Fiction pulpeuse Pulp fiction
88%
Conducteur de taxi Taxi Driver
86%
Tarte americaine American Pie
85%
Club de combat Fight Club
85%
Homme pluie Rain man
82%
Film effrayant Scary Movie
81%
Les jeux de la faim Hunger Games
80%
Homme fourmi Ant man
77%
Coeur brave Braveheart
74%
Danse lascive Dirty Dancing
73%
Crier Scream
73%
Vilains garçons Bad boys
71%
Pris(e) Taken
71%
Doigt d'or Goldfinger
65%
Suspects habituels Usual suspects
65%
Max le fou Mad Max
59%
Scie Saw
58%
Chiens de reservoir Reservoir Dogs
57%
Brillant Shining
56%
Meilleur pistolet Top Gun
55%
Chien de taudis millionaire Slumdog Millionaire
51%
Les Vengeurs Avengers
50%
Graisse Grease
49%
Matrice rechargée Matrix Reloaded
42%
Bâtards sans gloire Inglourious Basterds
39%
Gaine entièrement métallique Full Metal Jacket
32%
Creux endormi Sleepy Hollow
22%
Crépuscule Twilight
18%
Aucun quiz correspondant
Distribution des résultats
% des personnes avec chaque résultat
Percentile par nombre de réponses
Votre historique - résultats
Vous n’avez pas pris ce quiz